World Map without 12 Countries - Easy - Statistics

General Stats
  • This quiz has been taken 69 times
  • The average score is 12 of 12
Answers on the Map
Answers color-coded by a green-red scale on the quiz's map according to % correct below.
 
Answer Stats
Country % Correct
Australia
100%
Brazil
100%
Canada
100%
China
100%
Egypt
100%
Germany
100%
India
100%
Mexico
100%
Russia
100%
Spain
100%
South Africa
98%
Italy
97%
No matching quizzes found
Score Distribution
Percent of People with Each Score
Percentile by Number Answered
Your Score History
You have not taken this quiz